Central Library OPAC University of Rajshahi

RELATIONSHIP BETWEEN THYROID FUNCTION AND LIPID PROFILE IN THYROID DISORDER / (Record no. 81124)

MARC details
000 -LEADER
fixed length control field 01109nam a2200265 a 4500
001 - CONTROL NUMBER
RUCL Control Number 81124
003 - CONTROL NUMBER IDENTIFIER
rucl marc code BD-RjUL
005 - DATE AND TIME OF LATEST TRANSACTION
control field 20231114104913.0
008 - FIXED-LENGTH DATA ELEMENTS--GENERAL INFORMATION
fixed length control field 230124s2012 BG a|||| m||| 00| 0 eng d
035 ## - SYSTEM CONTROL NUMBER
system control number (BD-RjUL)81124
040 ## - CATALOGING SOURCE
Original cataloging agency BD-RjUL
Language of cataloging eng
Transcribing agency BD-RjUL
Modifying agency BD-RjUL
041 ## - LANGUAGE CODE
Language code of Book eng
082 ## - DEWEY DECIMAL CLASSIFICATION NUMBER
DDC Edition number 23
Classification number 616.44
Author mark and Year ISR 2012
100 ## - MAIN ENTRY--PERSONAL NAME
Personal name Islam, Mirza Md. Nazrul
9 (RLIN) 6701
245 10 - TITLE STATEMENT
Title RELATIONSHIP BETWEEN THYROID FUNCTION AND LIPID PROFILE IN THYROID DISORDER /
Statement of responsibility, etc By Mirza Md. Nazrul Islam ;
Name of Supervisor/Co-Supervisor Principal Supervisor : Parvez Hassan Co-Supervisor's : M. Iqbal Arslan & M. Moinul Islam
260 ## - PUBLICATION, DISTRIBUTION, ETC. (IMPRINT)
Place of publication, distribution, etc Rajshahi :
Name of publisher, distributor, etc Institute of Biological Sciences, University of Rajshahi,
Date of publication, distribution, etc 2012.
300 ## - PHYSICAL DESCRIPTION
Pagination [16], 136 leaves :
Other physical details ill.;
Dimensions 29 cm.
502 ## - DISSERTATION NOTE
Dissertation note Thesis(Ph.D.)-- Institute of Biological Sciences,University of Rajshahi,2012
504 ## - BIBLIOGRAPHY, ETC. NOTE
Bibliography, etc Rerferences : Leaves 98-120
650 ## - SUBJECT ADDED ENTRY--TOPICAL TERM
Topical term or geographic name as entry element Diseases
General subdivision Thyroid Disorder
Form subdivision Lipid Profile
9 (RLIN) 6702
700 ## - ADDED ENTRY--SUPERVISOR/CO-SUPERVISOR NAME
Personal name Hassan, Parvez, Principal Supervisor
9 (RLIN) 3111
Personal name Arslan, M. Iqbal, Co-Supervisor
9 (RLIN) 6703
Personal name Islam, M. Moinul, Co-Supervisor
9 (RLIN) 6704
942 ## - ADDED ENTRY ELEMENTS (KOHA)
Source of classification or shelving scheme Dewey Decimal Classification
Koha item type Theses
Holdings
Source of classification or shelving scheme Damaged status Not for loan Collection code Permanent Location Current Location Shelving location Date of accession Source of acquisition Total Checkouts Full call number Barcode Date last seen Copy number Thesis
Dewey Decimal Classification   Not For Loan Theses Central Library, University of Rajshahi Central Library, University of Rajshahi Documentation Section 14/09/2014 Controller of Exam. R.U.   THE 616.44 ISR 2012 D3629 24/01/2023 C-1 Theses